| 000 | 00675 a2200193 4500 | ||
|---|---|---|---|
| 020 | _a0444520252 | ||
| 020 | _a9780444520258 | ||
| 082 | _a512.55 | ||
| 090 |
_c1217 _d1217 |
||
| 100 | 1 | _aFragoulopoulou, M. | |
| 245 | 1 | 0 |
_aTopological algebras with involution. _nVolume 200 / _cM. Fragoulopoulou. |
| 260 |
_a[S.l.] : _bNorth Holland, _c2005. |
||
| 300 |
_a512 p. ; _c25 cm. |
||
| 490 | 1 | _aNorth-holland mathematics studies. | |
| 700 | _aFragoulopoulou, M. | ||
| 830 | 0 | _aNorth-holland mathematics studies. | |
| 942 |
_aSNS _cBK _k512.55 FRA |
||
| 999 |
_c29830 _d29830 |
||